| 000 | 00409nam a22001577a 4500 | ||
|---|---|---|---|
| 999 |
_c534849 _d534849 |
||
| 020 | _a9789353068684 | ||
| 082 | _a339 | ||
| 100 | _aPerloff, Jeffrey M. | ||
| 245 |
_aMicroeconomics / _cJeffrey M. Perloff |
||
| 250 | _a7th ed. | ||
| 260 |
_aNew Delhi : _bPearson, _c2019. |
||
| 300 |
_a799 p. ; _c25 cm. |
||
| 942 |
_2ddc _cBK |
||